Stemmi delle regioni italiane - Statistics

Statistiche generali
  • Questo quiz è stato fatto 579 volte
  • Il punteggio medio è 12 su 20
Statistiche sulle risposte
con Immagini Risposta % Corretto
Sicilia
91%
Lombardia
88%
Sardegna
81%
Veneto
74%
Emilia Romagna
64%
Marche
64%
Campania
63%
Liguria
63%
Calabria
59%
Piemonte
59%
Puglia
59%
Toscana
57%
Trentino Alto Adige
54%
Lazio
53%
Basilicata
52%
Umbria
52%
Friuli Venezia Giulia
51%
Abruzzo
49%
Molise
45%
Valle d'Aosta
42%
Nessun quiz corrispondente trovato
Distribuzione punteggi
Percentuale di utenti per punteggio
Percentile per numero di risposta
I tuoi punteggi nel tempo
Non hai fatto questo quiz